<?xml version="1.0" encoding="UTF-8"?><?xml-stylesheet type="text/xsl" href="static/style.xsl"?><OAI-PMH xmlns="http://www.openarchives.org/OAI/2.0/" xmlns:xsi="http://www.w3.org/2001/XMLSchema-instance" xsi:schemaLocation="http://www.openarchives.org/OAI/2.0/ http://www.openarchives.org/OAI/2.0/OAI-PMH.xsd"><responseDate>2026-04-27T13:49:47Z</responseDate><request verb="GetRecord" identifier="oai:uvadoc.uva.es:10324/4855" metadataPrefix="marc">https://uvadoc.uva.es/oai/request</request><GetRecord><record><header><identifier>oai:uvadoc.uva.es:10324/4855</identifier><datestamp>2021-07-06T07:33:36Z</datestamp><setSpec>com_10324_30605</setSpec><setSpec>com_10324_894</setSpec><setSpec>col_10324_41</setSpec></header><metadata><record xmlns="http://www.loc.gov/MARC21/slim" xmlns:doc="http://www.lyncode.com/xoai" xmlns:xsi="http://www.w3.org/2001/XMLSchema-instance" xmlns:dcterms="http://purl.org/dc/terms/" xsi:schemaLocation="http://www.loc.gov/MARC21/slim http://www.loc.gov/standards/marcxml/schema/MARC21slim.xsd">
<leader>00925njm 22002777a 4500</leader>
<datafield tag="042" ind1=" " ind2=" ">
<subfield code="a">dc</subfield>
</datafield>
<datafield tag="720" ind1=" " ind2=" ">
<subfield code="a">Cano Herranz, Raúl</subfield>
<subfield code="e">author</subfield>
</datafield>
<datafield tag="260" ind1=" " ind2=" ">
<subfield code="c">2014</subfield>
</datafield>
<datafield tag="520" ind1=" " ind2=" ">
<subfield code="a">El principal objetivo es mejorar la digestión anaerobia mediante tecnologías de pretratamiento: hidrólisis térmica, ultrasonidos y tratamiento enzimático. Se estudian seis residuos sólidos: lodos de depuradora, residuos sólidos urbanos (RSU), residuo de grasa, bagazo cervecero y estiércol vacuno de matadero. La hidrólisis térmica mejora significativamente las producciones de metano y las cinéticas de los sustratos que tienen un gran contenido en fibra (RSU, bagazo, estiércol) o material celular (lodo secundario de depuradora). También, la hidrólisis térmica presenta autosuficiencia energética ya que tiene un elevado potencial para ser implementado con una integración energética completa. De hecho, la hidrólisis térmica puede incrementar hasta un 40% los beneficios de una planta de digestión, incluso duplicándolos si se consideran los costes de gestión del digestato. Por otro lado, la aplicación de pretratamientos a procesos de co-digestión de grasas con lodos de depuradora ha mostrado perspectivas prometedoras en vistas a optimizar los digestores anaerobios</subfield>
</datafield>
<datafield tag="024" ind2=" " ind1="8">
<subfield code="a">http://uvadoc.uva.es/handle/10324/4855</subfield>
</datafield>
<datafield tag="024" ind2=" " ind1="8">
<subfield code="a">b1673703</subfield>
</datafield>
<datafield tag="024" ind2=" " ind1="8">
<subfield code="a">10.35376/10324/4855</subfield>
</datafield>
<datafield ind1=" " ind2=" " tag="653">
<subfield code="a">Biogas</subfield>
</datafield>
<datafield ind1=" " ind2=" " tag="653">
<subfield code="a">Bacterias anerobias</subfield>
</datafield>
<datafield ind1=" " ind2=" " tag="653">
<subfield code="a">Hidrólisis</subfield>
</datafield>
<datafield ind1=" " ind2=" " tag="653">
<subfield code="a">Residuos industriales</subfield>
</datafield>
<datafield tag="245" ind1="0" ind2="0">
<subfield code="a">Pretreatment tecnologies to enhance solid wastes anaerobic digestion</subfield>
</datafield>
</record></metadata></record></GetRecord></OAI-PMH>